2025 F1 Drivers by Driver Number - Statistics

General Stats
  • This quiz has been taken 239 times
    153 since last reset
  • The average score is 18 of 20
Answer Stats
Hint Answer % Correct
#1 Max Verstappen
100%
#16 Charles Leclerc
97%
#44 Lewis Hamilton
97%
#4 Lando Norris
96%
#81 Oscar Piastri
95%
#22 Yuki Tsunoda
94%
#55 Carlos Sainz
92%
#12 Kimi Antonelli
91%
#63 George Russell
90%
#31 Esteban Ocon
88%
#27 Nico Hulkenberg
88%
#23 Alex Albon
87%
#87 Oliver Bearman
87%
#10 Pierre Gasly
87%
#14 Fernando Alonso
86%
#18 Lance Stroll
86%
#30 Liam Lawson
86%
#6 Isack Hadjar
84%
#5 Gabriel Bortoleto
83%
#7 Jack Doohan
78%
No matching quizzes found
Score Distribution
Percent of People with Each Score
Percentile by Number Answered
Your Score History
You have not taken this quiz since the last reset